000 00507nam a2200181Ia 4500
003 IN-BaIIA
008 211028s9999 xx 000 0 eng d
020 _a0-12-085150-4
040 _cIIA Library
080 _a535.33
_bBEL
100 _aBell, Robert John
_97336
245 0 _aIntroductory fourier transform spectroscopy
_cRobert John Bell
260 _aNew York
_bAcademic Press
_c1972
300 _a382p.
650 _aAstronomy and Astrophysics Thesaurus
650 _aSpectroscopy
_91535
942 _cBK
999 _c4171
_d4171